The Sky Handbook / (Record no. 204591)
[ view plain ]
| 000 -LEADER | |
|---|---|
| fixed length control field | 00529 a2200193 4500 |
| 005 - DATE AND TIME OF LATEST TRANSACTION | |
| control field | 20201124132357.0 |
| 008 - FIXED-LENGTH DATA ELEMENTS--GENERAL INFORMATION | |
| fixed length control field | 201021b ||||| |||| 00| 0 eng d |
| 020 ## - INTERNATIONAL STANDARD BOOK NUMBER | |
| International Standard Book Number | 9781887354639 |
| 040 ## - CATALOGING SOURCE | |
| Transcribing agency | lc |
| 050 ## - LIBRARY OF CONGRESS CALL NUMBER | |
| Classification number | QB 44.3 |
| Item number | WAT 2009 |
| 100 ## - MAIN ENTRY--PERSONAL NAME | |
| Personal name | Watson, John |
| 245 ## - TITLE STATEMENT | |
| Title | The Sky Handbook / |
| Statement of responsibility, etc. | John Watson and Michael Kerrigan |
| 260 ## - PUBLICATION, DISTRIBUTION, ETC. | |
| Place of publication, distribution, etc. | Glasgow : |
| Name of publisher, distributor, etc. | Saraband, |
| Date of publication, distribution, etc. | 2009 |
| 300 ## - PHYSICAL DESCRIPTION | |
| Extent | 400 pages : |
| Other physical details | illustrations. |
| 504 ## - BIBLIOGRAPHY, ETC. NOTE | |
| Bibliography, etc. note | Includes index |
| 650 ## - SUBJECT ADDED ENTRY--TOPICAL TERM | |
| Topical term or geographic name entry element | Astronomy |
| General subdivision | Popular |
| 700 ## - ADDED ENTRY--PERSONAL NAME | |
| Personal name | Kerrigan, Michael |
| 999 ## - | |
| -- | 204591 |
| -- | 204591 |
| 942 ## - ADDED ENTRY ELEMENTS (KOHA) | |
| Koha item type | Book |
| Withdrawn status | Lost status | Source of classification or shelving scheme | Damaged status | Not for loan | Collection code | Home library | Current library | Shelving location | Date acquired | Source of acquisition | Total Checkouts | Full call number | Barcode | Date last seen | Copy number | Cost, replacement price | Price effective from | Koha item type |
|---|---|---|---|---|---|---|---|---|---|---|---|---|---|---|---|---|---|---|
| Library of Congress Classification | Non-fiction | Main Library | Main Library | On Shelf | 08/19/2020 | Donation | QB 44.3 WAT 2009 | 33729005598607 | 08/19/2020 | 1 | 300.00 | 08/19/2020 | Book | |||||
| Library of Congress Classification | Non-fiction | Main Library | Main Library | On Shelf | 08/19/2020 | Donation | QB 44.3 WAT 2009 | 33729005598599 | 08/19/2020 | 2 | 300.00 | 08/19/2020 | Book |